LEADER 01052nam a2200265 i 4500 001 000000060104 003 CaOOAMICUS 005 20080731000000.0 008 080731s1943 it u000 u ita u 013 $a31276 040 $aSeMil$bita 100 1 $aJaeger, Werner,$d<1888-1961>.$0(OLS)http://semarc/name/97058 245 10$a[1] /$cWerner Jaeger ; traduzione di Luigi Emery. 250 $a2. ed. 260 $aFirenze :$bLa Nuova Italia,$c1943. 300 $aXII, 602 p. ;$c22 cm. 490 0 $aIl pensiero storico ;$v13 650 4$aGrecia antica.$0(OLS)http://semarc/subject/270 700 1 $aEmery, Luigi.$0(OLS)http://semarc/name/23449 773 0 $aJaeger, Werner <1888-1961>$tPaideia.$dFirenze : La Nuova Italia $g1$w()11546 830 3$aIl pensiero storico ;$v13.$0(OLS)http://semarc/title/7219 850 $aSeMil 852 $aSeMil$W1$xVenegono$y1$m2P IV 695$j26257$B26257$CSeMilBibl$Z2$F26260 $81 996 $6245$a[1]$9(OLS)http://semarc/title/63174 996 $6260$aFirenze :$bLa Nuova Italia$9(OLS)http://semarc/publisher/30055 LEADER 01336nam a2200337 i 4500 001 000000121442 003 CaOOAMICUS 005 20190315101657.0 008 031219s1998 it u000 u mul u 013 $a94137 020 $a88-18-70213-0 040 $aSeMil$bita 100 1 $aMilton, John,$d<1608-1674>.$0(OLS)http://semarc/name/11532 245 10$aAreopagitica /$cJohn Milton ; introduzione, traduzione, note e apparati di Mariano Gatti e Hilary Gatti. 260 $aMilano :$bRusconi,$c1998. 300 $aXXVII, 136 p. ;$c21 cm. 490 0 $aTesti a fronte ;$v57 500 $aTesto inglese a fronte 541 1 $aFondo Card. C.M. Martini 650 4$aMounier, Emmanuel <1905-1950>.$0(OLS)http://semarc/subject/8502 700 1 $aGatti, Hilary.$0(OLS)http://semarc/name/50485 700 1 $aGatti, Mariano.$0(OLS)http://semarc/name/50484 830 0$aTesti a fronte Rusconi ;$v57.$0(OLS)http://semarc/title/593 850 $aSeMil 852 $aSeMil$W1$xVenegono$y1$m2P I 87$j76520$B76520$CSeMilBibl$Z2$F77941 $81 941 1 $a4 961 $aOmaggio: Martini Card. Carlo Maria 996 $6020$a88-18-70213-0$9(OLS)http://semarc/number/106878 996 $6245$aAreopagitica$9(OLS)http://semarc/title/178768 996 $6260$aMilano :$bRusconi$9(OLS)http://semarc/publisher/30258